| 000 | 00870nam a2200241Ia 4500 | ||
|---|---|---|---|
| 003 | OSt | ||
| 005 | 20220923221809.0 | ||
| 006 | a|||||r|||| 00| 0 | ||
| 007 | ta | ||
| 008 | 220922b |||||||| |||| 00| 0 hin d | ||
| 024 | _a200,163 | ||
| 037 | _cTextual | ||
| 040 |
_aARTS _cARTS _bhin |
||
| 041 |
_2hin _ahin |
||
| 082 | _aQ3:33, 152L4 | ||
| 100 | _aभारिल्ल, हुकम चन्द | ||
| 245 | 0 | _aतीर्थकार महावीर और उनका सर्वोदय तीर्थ | |
| 246 | _aTīrthakār hināvīr aur unakā sarvodaya tīrtha | ||
| 260 |
_aजयपुर _b पंडित टोडरमल स्मारक ट्र्स्ट _c1974 |
||
| 300 |
_a204पृ. _ccm. |
||
| 942 |
_hQ3:33, 152L4 _cTEXL _2CC |
||
| 999 |
_c351835 _d351835 |
||